000 00408 a2200145 4500
999 _c216
_d216
020 _a9781408504079
050 _aG922 WAU 2009
100 _aWaugh, David
_eauthor
245 _aGeography :
_ban integrated approach /
_cDavid Waugh
264 _aCheltenham :
_bNelson Thornes,
_c2009
300 _a657p. :
_bill. (col.)
500 _aIncludes index
650 _aGeography
942 _2lcc
_cBK
_e4th ed.
_h922
_iWAU
_kG